| 000 | 00425cam a2200181ua 4500 | ||
|---|---|---|---|
| 001 | 3248 | ||
| 008 | 111013n ii |||gr||||Z||||||asm | ||
| 040 | _cMAIN | ||
| 082 | _a891.4513 | ||
| 100 | 1 |
_aDeka, Hitesh, _eAuthor. |
|
| 245 | 1 | 1 |
_aAchal manuh _cby Hitesh Deka |
| 250 | _a9th. | ||
| 260 |
_aGuahati: _bChandra Prakash,995. |
||
| 300 |
_a282p: _c23cm. |
||
| 653 | _aAssamese novel | ||
| 653 | _aAchal manuh | ||
| 942 | _cBK | ||
| 999 |
_c3093 _d3093 |
||